|
|
|
|
| LEADER |
01056nam a22002777a 4500 |
| 001 |
36221 |
| 003 |
BD-DhAAL |
| 005 |
20211130130946.0 |
| 008 |
191002r20062003si a|||| |||| 00| 0 eng d |
| 999 |
|
|
|c 41499
|d 41499
|
| 020 |
|
|
|a 9814116394
|
| 040 |
|
|
|a BD-DhAAL
|
| 082 |
|
|
|a 510
|2 23
|
| 100 |
|
|
|a Primalani, Varsha
|9 35779
|
| 245 |
|
|
|a In step maths.
|n 1A,
|b textbook /
|c Varsha Primalani. ; Chan Mei Leng ; Karen Quek; general editor, Sin Kwai Meng
|
| 260 |
|
|
|a Singapore :
|b SNP Panpac,
|c 2003 [reprinted 2006]
|
| 300 |
|
|
|a 116 pages :
|b illustrations ;
|c 26 cm
|
| 526 |
|
|
|a BIED
|
| 541 |
|
|
|a Complimentary copy from BIED
|e 36221
|
| 650 |
|
|
|a Mathematics.
|9 35780
|
| 700 |
|
|
|a Leng, Chan Mei
|9 35781
|
| 700 |
|
|
|a Quek, Karen
|9 35782
|
| 700 |
|
|
|a Meng, Sin Kwai
|9 35783
|
| 852 |
|
|
|a Ayesha Abed Library
|b BIED Collection
|
| 942 |
|
|
|2 ddc
|c BK
|
| 952 |
|
|
|0 0
|1 0
|2 ddc
|4 0
|6 510_000000000000000_PRI
|7 0
|9 66649
|a BRACUL
|b BRACUL
|c GEN
|d 2019-10-02
|e Complimentary copy from BIED
|l 0
|o 510 PRI
|p 3010036221
|r 2019-10-02
|t 1
|w 2019-10-02
|y BK
|x Transferred from BIED to General Stacks
|